000
00338nam a22001457a 4500
008
210305b ||||| |||| 00| 0 eng d
020
_a
9780262012164
041
_a
eng
080
_a
330.101.542
082
_a
330.101.542
100
_a
52
101
_a
MIKRO
245
_a
The Economics of Microfinance
_c
Aghion, B.A
942
_2
udc
_c
BK
999
_c
55826
_d
55826